| 000 -LEADER |
| fixed length control field |
00320cam a22001097a 4500 |
| 008 - FIXED-LENGTH DATA ELEMENTS--GENERAL INFORMATION |
| fixed length control field |
180718b1982 xxu||||| |||| 00| 0 eng d |
| 082 ## - DEWEY DECIMAL CLASSIFICATION NUMBER |
| Classification number |
B235x54 Sh23/2 |
| 100 ## - MAIN ENTRY--PERSONAL NAME |
| Personal name |
Sharma, Rambilas |
| 245 ## - TITLE STATEMENT |
| Title |
Bharat main angrezi raj aur marxwaad |
| Statement of responsibility, etc. |
by Rambilas Sharma |
| 260 ## - PUBLICATION, DISTRIBUTION, ETC. |
| Place of publication, distribution, etc. |
New delhi |
| Name of publisher, distributor, etc. |
Rajkamal Prakashan |
| Date of publication, distribution, etc. |
1982 |
| 300 ## - PHYSICAL DESCRIPTION |
| Extent |
583p. |